01169nam a2200253 a 450000100060000000300080000600500170001400800410003103500190007204000370009104100080012808200250013610000220016124501800018326000710036330000330043449000470046750002100051465000090072465000180073365000510075171100660080283000470086870540BD-RjUL20211209082019.0860812s1965 enk 000 0 eng d a(BD-RjUL)70754 aPBUcPBUdOCLdEQOdBD-RjULbeng aeng 223a553.61bBRC 19661 aBridge, Thomas E.10aClays and clay minerals :bindex to the proceedings of the first to the tenth National Conferences on Clays and Clay Minerals /cprepared by Thomas E. Bridge and Syble Bridge. aNew York :bSymposium Publications Division Pergamon Press,c1966. avi, 433 p. :bill. ;c24 cm.1 aMonograph (Earth Science Series) ;vno. 23 a"Under a grant from the National Science Foundation to the local committee of the tenth National Conference on clays and clay minerals held at the University of Texas, Austin, Texas, October 14-18, 1961. " aClay aClay minerals aNational Conference on Clays and Clay Minerals2 aNational Conference on Clays and Clay Minerals.tProceedings. 0aMonograph (Earth Science Series) ;vno. 23